Reinforced concrete structures (Record no. 11959)

000 -LEADER
fixed length control field 00572nam a2200217 a 4500
001 - CONTROL NUMBER
control field 11959
003 - CONTROL NUMBER IDENTIFIER
control field BD-DhUET
008 - FIXED-LENGTH DATA ELEMENTS--GENERAL INFORMATION
fixed length control field 741112s1975 nyua b 001 0 eng
020 ## - INTERNATIONAL STANDARD BOOK NUMBER
International Standard Book Number 0471659177
040 ## - CATALOGING SOURCE
Original cataloging agency DLC
Transcribing agency DLC
Modifying agency BD-DhUET
082 00 - DEWEY DECIMAL CLASSIFICATION NUMBER
Classification number 624.183
Item number PAR/1975
100 1# - MAIN ENTRY--PERSONAL NAME
Personal name Park, R.
245 10 - TITLE STATEMENT
Title Reinforced concrete structures
250 ## - EDITION STATEMENT
Edition statement 1st ed.
260 ## - PUBLICATION, DISTRIBUTION, ETC. (IMPRINT)
Place of publication, distribution, etc. New York
Name of publisher, distributor, etc. John Wiley & sons
Date of publication, distribution, etc. 1975
300 ## - PHYSICAL DESCRIPTION
Extent xvii, 769 p.
Other physical details ill.
Dimensions 24 cm.
504 ## - BIBLIOGRAPHY, ETC. NOTE
Bibliography, etc Includes bibliographies
650 #0 - SUBJECT ADDED ENTRY--TOPICAL TERM
Topical term or geographic name as entry element Reinforced concrete construction
700 ## - ADDED ENTRY--PERSONAL NAME
Personal name Paulay, T.
942 ## - ADDED ENTRY ELEMENTS (KOHA)
Koha item type General Book
Holdings
Sublocation or collection (holding branch) Price effective from Koha item type Koha normalized classification for sorting Source of classification or shelving scheme Copy number Piece designation (barcode) Date acquired Withdrawn status Koha date last seen Shelving location Koha full call number Damaged status Location (home branch) Not for loan Lost status
Central Library, BUET2015-02-22General Book624_183000000000000_PAR_1975 1452222015-02-22 2015-02-22Circulation section624.183/PAR/1975 Central Library, BUET  
Central Library, BUET2015-05-05General Book624_183000000000000_PAR_1975 2534432015-05-05 2015-05-05Circulation section624.183/PAR/1975 Central Library, BUET  
Central Library, BUET2015-05-06General Book624_183000000000000_PAR_1975 3534402015-05-06 2015-05-06Circulation section624.183/PAR/1975 Central Library, BUET  
Central Library, BUET2015-05-07General Book624_183000000000000_PAR_1975 4452212015-05-07 2015-05-07Circulation section624.183/PAR/1975 Central Library, BUET  
Central Library, BUET2015-05-07General Book624_183000000000000_PAR_1975 5511352015-05-07 2015-05-07Circulation section624.183/PAR/1975 Central Library, BUET  
Central Library, BUET2015-06-25General Book624_183000000000000_PAR_1975 6449702015-06-25 2015-06-25Reading section624.183/PAR/1975 Central Library, BUET  
Central Library, BUET2024-06-30General Book624_183000000000000_PAR_1975 7534391982-06-16 2024-06-30Cataloging section624.183 PAR/1975 Central Library, BUET